Top 50 - Largest City in Each Country Beginning With 'S' - Statistics

General Stats
  • This quiz has been taken 386 times
  • The average score is 26 of 50
Answer Stats
# Population Country Answer % Correct
2 24,900,000 South Korea Seoul
99%
4 8,050,000 Chile Santiago
98%
3 23,000,000 Brazil São Paulo
98%
1 40,000,000 China Shànghăi
98%
10 4,925,000 Australia Sydney
97%
7 6,400,000 Russia Saint Petersburg
96%
9 5,685,807 Singapore Singapore
96%
5 7,950,000 United States San Francisco
95%
17 2,250,000 Sweden Stockholm
94%
26 1,240,000 Bulgaria Sofia
93%
12 3,075,000 Yemen Sana'a
92%
14 2,425,000 Costa Rica San José
90%
18 1,930,000 El Salvador San Salvador
90%
11 4,175,000 Dominican Republic Santo Domingo
90%
23 1,310,000 Spain Sevilla
86%
15 2,400,000 Germany Stuttgart
85%
19 1,910,000 Puerto Rico San Juan
84%
21 1,530,000 United Kingdom Sheffield
80%
13 2,500,000 Japan Sapporo
77%
45 422,540 North Macedonia Skopje
76%
48 348,363 Bosnia and Herzegovina Sarajevo
73%
8 5,900,000 Indonesia Surabaya
70%
6 7,450,000 India Sūrat
62%
16 2,325,000 Bolivia Santa Cruz
61%
40 484,217 France Strasbourg
54%
20 1,880,000 Iran Shīrāz
51%
31 699,541 Egypt Suez
46%
24 1,290,000 Honduras San Pedro Sula
42%
27 1,190,000 Tunisia Sousse
41%
46 396,168 Poland Szczecin
40%
36 572,835 Uzbekistan Samarqand
37%
44 431,411 Cuba Santiago de Cuba
33%
39 485,386 Ukraine Sevastopol
32%
25 1,280,000 Kazakhstan Shymkent
29%
28 1,050,000 Argentina San Miguel de Tucumán
26%
22 1,360,000 Mexico San Luis Potosí
25%
35 639,930 Turkey Samsun
16%
29 1,000,000 Nigeria Sokoto
16%
37 532,426 Bangladesh Sylhet
12%
42 450,501 Canada St.Catharines - Niagara
11%
38 496,800 Colombia Santa Marta
9%
32 676,492 Iraq Sulaymaniyah
9%
43 435,600 Azerbaijan Sumqayit
7%
50 308,508 Morocco Safi
6%
41 470,878 Oman Seeb
6%
30 728,063 South Africa Soshanguve
6%
33 658,208 Pakistan Sargodha
5%
47 393,000 Angola Saurimo
2%
49 334,031 North Korea Sinŭiju
2%
34 647,480 Malaysia Seremban
1%
No matching quizzes found
Score Distribution
Percent of People with Each Score
Percentile by Number Answered
Your Score History
You have not taken this quiz